De la teoría de conjuntos, el género en disputa y la existencia de la pedagogía (Record no. 174228)
[ view plain ]
| 000 -CABECERA | |
|---|---|
| campo de control de longitud fija | 01742cab a2200253 ab4500 |
| 005 - FECHA Y HORA DE LA ÚLTIMA TRANSACCIÓN | |
| campo de control | 20230301063601.0 |
| 008 - ELEMENTOS DE LONGITUD FIJA--INFORMACIÓN GENERAL | |
| campo de control de longitud fija | 991125s1985 mx 000 0 spa u |
| 035 ## - NÚMERO DE CONTROL DEL SISTEMA | |
| Número de control de sistema | UPN01000202127 |
| 040 ## - FUENTE DE LA CATALOGACIÓN | |
| Centro catalogador/agencia de origen | MX-MxUPN |
| Lengua de catalogación | spa |
| Centro/agencia transcriptor | MX-MxUPN |
| Normas de descripción | aacr2 |
| 049 ## - COLECCIÓN | |
| Colección | ART-E |
| 100 1# - ASIENTO PRINCIPAL--NOMBRE PERSONAL | |
| Nombre de persona | Cerón Prieto, Cristián Alejandro |
| Enlace | - cristianceron@gmail.com |
| 245 10 - MENCIÓN DE TÍTULO | |
| Título | De la teoría de conjuntos, el género en disputa y la existencia de la pedagogía |
| Medio | [recurso electrónico en línea] |
| 506 0# - NOTA DE RESTRICCIONES AL ACCESO | |
| Limitaciones de acceso | Acceso abierto |
| 520 3# - NOTA DE RESUMEN, ETC. | |
| Sumario, etc. | Mediante una inspección bibliográfica este estudio propone una crítica de género sobre algunos aspectos discursivos y pedagógicos de La Teoría de Conjuntos – teoría que fundamenta con principios ampliamente aceptados las bases de “la matemática” – que se encuentran incorporados de modo oculto en la construcción axiomática de esta teoría. Esta crítica corresponde a su carácter universalizador que supone sustento teórico a cualquier razonamiento matemático generado por cualquier cultura en cualquier momento o lugar, como efecto colonizador.Esta crítica al desestabilizar la rigidez del conocimiento matemático puede promover una mayor plasticidad en esta materia, contribuyendo a perfilarla como una disciplina menos rígida y más amigable para su aprendizaje y desarrollo. |
| 650 #2 - ASIENTO SECUNDARIO DE MATERIA - TERMINO TEMATICO | |
| 9 (RLIN) | 976 |
| Término de materia o nombre geográfico como elemento de entrada | TEORIA DE CONJUNTOS |
| 650 #2 - ASIENTO SECUNDARIO DE MATERIA - TERMINO TEMATICO | |
| Término de materia o nombre geográfico como elemento de entrada | Etnomatemáticas |
| 9 (RLIN) | 26007 |
| 653 0# - TERMINO DE INDIZACION - NO CONTROLADO | |
| Término no controlado | CONOCIMIENTO MATEMATICO |
| 653 0# - TERMINO DE INDIZACION - NO CONTROLADO | |
| Término no controlado | MATEMATICA EDUCATIVA |
| 773 ## - ENLACE AL DOCUMENTO FUENTE/ENTRADA DE REGISTRO ANFITRIÓN | |
| Parte(s) relacionada(s) | Vol. 7, no. 1 (2014), p. 85-197 |
| Título | Revista latinoamericana de etnomatemática |
| Número Internacional Normalizado para Publicaciones Seriadas | 2011-5474 |
| 856 4# - LOCALIZACIÓN Y ACCESO ELECTRÓNICOS | |
| Identificador Uniforme del Recurso | <a href="https://www.revista.etnomatematica.org/index.php/RevLatEm/article/view/76">https://www.revista.etnomatematica.org/index.php/RevLatEm/article/view/76</a> |
| 905 ## - TIPO DE MATERIAL | |
| Tipo de material | Articulo |
| 942 ## - ELEMENTOS DE PUNTO DE ACCESO ADICIONAL (KOHA) | |
| Tipo de ítem Koha | Artículo Electrónico |
| Estado de retiro | Estado de pérdida | Estado dañado | No para préstamo | Código de colección | Localización permanente | Ubicación/localización actual | Ubicación en estantería | Fecha de adquisición | Total de préstamos | Fecha visto por última vez | Identificador Uniforme del Recurso | Precio válido a partir de | Tipo de ítem Koha |
|---|---|---|---|---|---|---|---|---|---|---|---|---|---|
| Acceso abierto | Bib. Gregorio Torres Quintero | Bib. Gregorio Torres Quintero | En línea | 09/09/2022 | 09/09/2022 | https://www.revista.etnomatematica.org/index.php/RevLatEm/article/view/76 | 09/09/2022 | Artículo Electrónico |
